| 000 | 00930cam a2200277Ia 4500 | ||
|---|---|---|---|
| 001 | 46437 | ||
| 005 | 20230410132801.0 | ||
| 008 | 890626s1965 ag b 000 0 spa d | ||
| 035 | _a(OCoLC)ocm19928119 | ||
| 040 |
_aNJK _cNJK |
||
| 035 | _a(OCoLC)19928119 | ||
| 050 | 1 | 4 |
_aQD 461 _bD152t 1965 |
| 049 | _aGRAL | ||
| 100 | 1 |
_aDalton, John, _d1766-1844. |
|
| 245 | 1 | 0 |
_aTeoria atomico-molecular / _c[por] Dalton, Avogadro [y] Ampere ; introducción, tradución y notas de Leticia Halperin de Destaillats. |
| 260 |
_aBuenos Aires : _bEditorial Universitaria de Buenos Aires - EUDEBA, _c1965. |
||
| 300 |
_a156 p. : _bill., ports. ; _c19 cm. |
||
| 490 | 0 | _aEUDEBA/Colección los fundamentales. | |
| 504 | _aIncludes bibliography. | ||
| 650 | 0 | _aAtomic theory. | |
| 700 | 1 |
_aAvogadro, Amedeo, _d1776-1856. |
|
| 700 | 1 |
_aAmpére, André-Marie, _d1775-1836. |
|
| 942 |
_2lcc _cbk |
||
| 994 |
_aC0 _bDRFGD |
||
| 946 | _acsexposito | ||
| 999 |
_c87689 _d87689 |
||